01498cam a22002655a 45000010009000000050017000090080041000260200018000670400033000850820021001181000025001392450080001642600054002443000034002985000024003325040031003565050568003876500035009556500028009906510010010186530025010289420008010539990017010619520154010781500088620201128023955.0070910t2008 enka frb 001 0 eng d a9780273710998 aDLCcDLCdDLCdEG-ScBUEbeng04a658.403222bBLA1 aBlake, Chris,d1960-14aThe art of decisions :bhow to manage in an uncertain world /cChris Blake. aHarlow :bFinancial Times Prentice Hall,cc.2008. axiv, 232 p. :bill. ;c24 cm. aIndex : p. 217-232. aBibliography : p. 209-215.0 aThe anatomy of decisions -- Bad things sometimes happen to the good guys -- In search of the perfect decision? -- I know I am right (but I am not sure why) -- Calling off the search -- Investing, risk and poker -- Rules of thumb: part 1 / Risk and investing -- Deciding close to home -- Deciding far from home -- Overconfidence and the entrepreneur -- The trouble with winners and experts -- Map making and the planning fallacy -- Fear, greed and risk taking -- The dragon's den syndrome -- Rules of thumb: part 2 / Fighting to win -- The art of decision making. 7aDecision making.2BUEsh912112 7aManagement.2BUEsh9553 2BUEsh bBUSADMcNovember2016 2ddc c22988d22960 00102ddc40708BaccahaMAINbMAINc1STd2016-11-02ePurchaseg243.00h25136l1o658.403 BLAp000034597r2025-07-15 00:00:00s2020-02-29v303.75yBB